Harry Potter Trivia - Hard Edition - Statistics

General Stats
  • This quiz has been taken 110 times
  • The average score is 10 of 20
Answer Stats
Questions: Answers: % Correct
What type of dragon did Harry face off against during the Triwizard-Tournament? Hungarian Horntail
86%
What was Voldemort's middle name before he took on his current alias? Marvolo
86%
Rita skeeter's animagus form: Beetle
85%
Name of the Crouch's house elf: Winky
83%
Which spell is always useful against boggarts? Riddikulus
79%
James Potter's quidditch position: Chaser
74%
What kind of creature was Aragog? Acromantula
69%
What was Narcissa Malfoy's maiden name? Black
69%
Who was headmaster at Hogwarts before Albus Dumbledore? Armando Dippet
63%
Who created the sword of Gryffindor? Ragnuk
58%
What children’s book holds the tale of the three brothers? Beedle The Bard
57%
What spell was used to destroy Rawenclaws Diadem? FiendFyre
51%
How many sickles goes on a galleon? 17
49%
What object has the function of warning once someone untrustworthy is around? Sneakoscope
42%
What spell conjures birds? Avis
26%
What spell did the Potter’s use to seal themself as they went into hiding? Fidelius Charm
22%
What spell, useful to thieves, did Eldon Elsrickle bring back to Great Britain after a trip to Africa? Alohomora
12%
What object cursed Katie Bell? Opal Necklace
12%
When was Voldemort's birthday? 31 December
10%
Who founded Illvermorny? Isolt Sayre
5%
No matching quizzes found
Score Distribution
Percent of People with Each Score
Percentile by Number Answered
Your Score History
You have not taken this quiz